<?xml version="1.0" encoding="UTF-8"?>
<record
    xmlns:xsi="http://www.w3.org/2001/XMLSchema-instance"
    xsi:schemaLocation="http://www.loc.gov/MARC21/slim http://www.loc.gov/standards/marcxml/schema/MARC21slim.xsd"
    xmlns="http://www.loc.gov/MARC21/slim">

  <leader>00362nam a22001097a 4500</leader>
  <controlfield tag="008">150820b        xxu||||| |||| 00| 0 eng d</controlfield>
  <datafield tag="020" ind1=" " ind2=" ">
    <subfield code="a">o137977530</subfield>
  </datafield>
  <datafield tag="082" ind1=" " ind2=" ">
    <subfield code="a">300.7 NEL</subfield>
  </datafield>
  <datafield tag="100" ind1=" " ind2=" ">
    <subfield code="a">NELSON JACK,L.</subfield>
  </datafield>
  <datafield tag="245" ind1=" " ind2=" ">
    <subfield code="a">SECONDARY SOCIAL STUDIES INSTRUCTION ,CURRICULUM ,EVALUATION</subfield>
    <subfield code="c">JACK, L. NELSON, JOHN ,U, MICHAELIS</subfield>
  </datafield>
  <datafield tag="260" ind1=" " ind2=" ">
    <subfield code="a">ENGLEWOOD CLIFFS</subfield>
    <subfield code="b">PRENTICE-HALL, INC.</subfield>
    <subfield code="c">1980</subfield>
  </datafield>
  <datafield tag="999" ind1=" " ind2=" ">
    <subfield code="c">223</subfield>
    <subfield code="d">223</subfield>
  </datafield>
  <datafield tag="952" ind1=" " ind2=" ">
    <subfield code="0">0</subfield>
    <subfield code="1">0</subfield>
    <subfield code="2">ddc</subfield>
    <subfield code="4">0</subfield>
    <subfield code="6">300_700000000000000_NEL</subfield>
    <subfield code="7">0</subfield>
    <subfield code="9">317</subfield>
    <subfield code="a">1000</subfield>
    <subfield code="b">1000</subfield>
    <subfield code="c">Ground Floor </subfield>
    <subfield code="d">2015-08-20</subfield>
    <subfield code="l">0</subfield>
    <subfield code="o">300.7 NEL</subfield>
    <subfield code="p">000000002340</subfield>
    <subfield code="r">2019-07-29</subfield>
    <subfield code="w">2015-08-20</subfield>
    <subfield code="y">BOOKS</subfield>
  </datafield>
</record>
